| 000 | 00578nam a2200181Ia 4500 | ||
|---|---|---|---|
| 999 |
_c6356 _d6356 |
||
| 008 | 200103s 1997 ||||xx |||||||||||||| ||und|| | ||
| 020 | _a8190082809 | ||
| 082 |
_a004.165 _bGAO |
||
| 100 | _aGaonkar, Ramesh | ||
| 245 | 0 | _aMicroprocessor architecture, programming, and applications with the 8085 | |
| 250 | _a3rd | ||
| 260 |
_bPenram International Publishing (India) _c1997 _aMumbai |
||
| 300 | _axii, 735p. | ||
| 650 | _aProgramming Techniques with Additional Instructions | ||
| 650 | _aCounters and Time Delays | ||
| 650 | _aStack and Subroutines | ||
| 942 | _cBK | ||